| 000 | 00767nam a2200217 a 4500 | ||
|---|---|---|---|
| 001 | 000008984 | ||
| 005 | 20250224110755.0 | ||
| 008 | 090922s2008 ck a 000 0 spa d | ||
| 020 | _a9789586773713 | ||
| 040 |
_aDO-SdBNP _bspa _cBNPHU |
||
| 082 |
_a796 _bD422 |
||
| 245 | 0 | 0 |
_aDeporte y salud familiar / _ceditor Gustavo de Elorza Martínez. |
| 260 |
_aColombia : _bZamora Editores, _c2008. |
||
| 300 |
_av. : _bil. ; _c27 cm + _ecd-rom |
||
| 505 | 2 |
_gv.1: Salud y tiempo libre -- _gv.2: Historia y técnica deportiva -- _gv.3: Disciplina deportiva -- _gv.4: Gimnasia para la vida |
|
| 650 | 4 |
_aDeporte _923592 |
|
| 650 | 0 |
_aSalud _91687 |
|
| 650 | 0 |
_aNutrición _912779 |
|
| 700 | 1 | 2 |
_aElorza Martínez, Gustavo, _eed. _923593 |
| 910 | _aValidado. Control de calidad MFF | ||
| 999 |
_c8748 _d8748 |
||